Score 0/110 Timer 15:00
1 Play Today
% Correct
Rome
95.7%
Milaan
95.6%
Turijn
94.7%
Napels
93.6%
Venetië
93.4%
Florence
93.4%
Genua
92.5%
Aosta
91.6%
Bologna
90.9%
Palermo
90.1%
Bari
90%
Cagliari
89.1%
Trente
86.1%
Pisa
82.8%
Triëst
82.4%
Catania
80.3%
Reggio Calabria
80.2%
Verona
79.9%
Perugia
79.6%
L'Aquila
79.4%
Campobasso
79.3%
Lecce
77.7%
Rimini
75%
Salerno
73.9%
Sassari
72.9%
Bolzano
72.8%
Reggio Emilia
72.7%
Padua
72.6%
Matera
72%
Bergamo
71.1%
Ancona
70.5%
Caserta
70.1%
Messina
70.1%
Latina
68.7%
La Spezia
68.5%
Brescia
66.9%
Catanzaro
66.6%
% Correct
Modena
66.4%
Como
66.2%
Parma
65.9%
Siena
65.9%
Potenza
65.9%
Livorno
65.3%
Alessandria
65.2%
Tarente
64.7%
Foggia
64.3%
Udine
64.1%
Syracuse
61.8%
Vicenza
61.3%
Frosinone
60.2%
Agrigento
59.4%
Savona
58.5%
Cuneo
58.3%
Lucca
58.1%
Ferrara
57.7%
Mantua
57%
Ravenna
56.7%
Trapani
56.6%
Pescara
56.3%
Asti
55.8%
Cosenza
55.5%
Lecco
55.4%
Viterbo
54.9%
Avellino
54.9%
Brindisi
54.3%
Pavia
54.1%
Benevento
53.4%
Caltanissetta
52.8%
Cremona
52.8%
Enna
52.5%
Nuoro
51.8%
Imperia
51.7%
Piacenza
51.2%
Treviso
51.1%
% Correct
Terni
50.4%
Arezzo
50%
Belluno
49.9%
Novara
49.6%
Varese
49.5%
Grosseto
49.5%
Ragusa
49.3%
Pordenone
49.2%
Crotone
48.7%
Rieti
48.7%
Massa-Carrara
48.3%
Prato
47.2%
Vercelli
46.8%
Ascoli Piceno
46.6%
Biella
45.9%
Monza e Brianza
45.6%
Pesaro e Urbino
45.5%
Sondrio
45.2%
Isernia
45.1%
Chieti
44.9%
Vibo Valentia
44.7%
Rovigo
44.6%
Macerata
44.4%
Gorizia
42.8%
Lodi
42.2%
Oristano
41.8%
Pistoia
41.2%
Forlì-Cesena
38.9%
Teramo
37.8%
Barletta-Andria-Trani
32%
Fermo
25.1%
Olbia-Tempio
24.5%
Verbano Cusio Ossola
19.8%
Carbonia-Iglesias
19.4%
Ogliastra
15.8%
Medio Campidano
14.6%
Remove Ads.
Support Sporcle.
Get the best of Sporcle when you Go Orange. This ad-free experience offers more features, more stats, and more fun while also helping to support Sporcle. Thank you for becoming a member.

You're not logged in!

Compare scores with friends on all Sporcle quizzes.
OR
Log In

Show Comments

Extras

Created Aug 9, 2016ReportNominate
Tags:Italy, Provinces, Provincie

Top Quizzes Today


Score Distribution

Your Account Isn't Verified!

In order to create a playlist on Sporcle, you need to verify the email address you used during registration. Go to your Sporcle Settings to finish the process.

Report this User

Report this user for behavior that violates our Community Guidelines.

Details: